| 000 | 00576nam a2200169Ia 4500 | ||
|---|---|---|---|
| 003 | GCL | ||
| 008 | 140319s9999 xx 000 0 ara d | ||
| 040 |
_aGCL / _cGCL |
||
| 082 | 0 | 4 |
_a811.0099 _bع ش |
| 100 | 1 | _aعزمى الصالحى | |
| 245 | 1 | 0 |
_aالشاعر الخارجى : الطرماح بن حكيم الطائى / _cعزمى الصالحى |
| 490 | _a | ||
| 650 | 0 | 4 | _aالشعر العربى - تاريخ ونقد |
| 650 | 0 | 4 | _aالطرماح , الطرماح بن حكيم بن |
| 650 | 0 | 4 | _aالشعر العربى - العصر الاموى |
| 942 |
_2ddc _cBK |
||
| 999 |
_c39827 _d39827 |
||